| 000 | 00623nam a2200217 i 4500 | ||
|---|---|---|---|
| 001 | bgj | ||
| 100 | 1 | _aVESTERMAN, William | |
| 245 | 1 | 0 |
_aReading and Writing Short Arguments / _cWilliam Vesterman. |
| 260 |
_aMountain View, Ca [etc.] : _bMayfield Publishing Company, _cc. 1994. |
||
| 300 |
_aXIV, 335 pp : _bill. ; _c24 cm. |
||
| 505 | _aIncludes index. | ||
| 650 | 9 |
_aEnglish language _xRhetoric |
|
| 650 | 9 | _aPersuasion (Rhetoric) | |
| 650 | 9 | _aCollege readers | |
| 020 | _a1559342226 | ||
| 040 | _cBPK | ||
| 041 | 0 | _aeng | |
| 920 | _a1-55934-222-6 | ||
| 942 | _cKS | ||
| 008 | s uk f |000 0 eng | ||
| 999 |
_c47983 _d47983 |
||
| 856 |
_uhttp://koha.tu.koszalin.pl/cgi-bin/koha/opac-detail.pl?biblionumber=47983 _yKatalog online BPK |
||